000 00561nam a22001697a 4500
008 160422b xxu||||| |||| 00| 0 eng d
020 _a978-971-9617-89-1
082 _22016
_aDFil 363.25
_bP33e
100 _912505
_aPeckley, Miller F.
245 _aEssentials of criminalistics/
_cMiller F. Peckley.
260 _aQuezon City:
_bWiseman's Books Trading,
_cc2016.
300 _avii, 415 pages:
_billustrations;
_c22 cm.
500 _aIncludes bibliographical references.
650 0 _912506
_aCriminal investigation
365 _b298.00
_cPhp
942 _2ddc
_cDFIL
999 _c3757
_d3757